000 00538nam a2200193Ia 4500
005 20260114185723.0
008 008 260114s9999 xx 000 0 eng d
020 _a9781472598998
037 _aEBOOK
040 _aCRL
_beng
_cCRL
041 _aeng
_2eng
084 _qCRL
100 _aAnne Hudson
_9873560
245 0 _aLollards And Their Books
260 _bBloomsbury
_c1985
856 _uhttps://doi.org/10.5040/9781472598998?locatt=label:secondary_bloomsburyCollections
942 _cEBOOK
999 _c1472508
_d1472508